The merck manual of diagnosis and therapy. / (Record no. 6792)

MARC details
000 -LEADER
fixed length control field 01178nam a22001937a 4500
008 - FIXED-LENGTH DATA ELEMENTS--GENERAL INFORMATION
fixed length control field 190723b xxu||||| |||| 00| 0 eng d
020 ## - INTERNATIONAL STANDARD BOOK NUMBER
International Standard Book Number 978091191019
050 ## - LIBRARY OF CONGRESS CALL NUMBER
Classification number WB102.P83
100 ## - MAIN ENTRY--PERSONAL NAME
Personal name Porter, Robert S.
245 ## - TITLE STATEMENT
Title The merck manual of diagnosis and therapy. /
Statement of responsibility, etc. Robert S.Porter.
250 ## - EDITION STATEMENT
Edition statement 19th ed.
260 ## - PUBLICATION, DISTRIBUTION, ETC.
Place of publication, distribution, etc. Philadaphia :
Name of publisher, distributor, etc. Merck sharp and Dohme Corp;
Date of publication, distribution, etc. 2011.
300 ## - PHYSICAL DESCRIPTION
Extent xxxii, 3754 p.:
Other physical details ill.,
Dimensions 21 cm.
500 ## - GENERAL NOTE
General note Includes index
505 ## - FORMATTED CONTENTS NOTE
Formatted contents note Content: Nutritional disorders -- Gastrointestinal disorders -- Hepatic and biliary disorders -- Musculoskeletal and connective tissue disorders -- Ear,nose,throat,and dental disorders -- Eye disorders -- Dermatologic disorders -- Endocrine and metabolic disorders -- Hematology and oncology -- Immunology and oncology -- Immunology;Allergic disorders -- Infectious diseases -- Psychiatric disorders -- Neurologic Disorders -- Pulmonary disorders -- Cardiovascular disorders -- Critical care medicine -- Gynecology and obstetrics -- Pediatrics -- Geriatrics -- Clinical Pharmacology -- Injuries;poisoning -- special subjects.
700 ## - ADDED ENTRY--PERSONAL NAME
Personal name Robert S. Porter.
700 ## - ADDED ENTRY--PERSONAL NAME
Personal name Kaplan Justin L.
942 ## - ADDED ENTRY ELEMENTS (KOHA)
Source of classification or shelving scheme Library of Congress Classification
Koha item type Books
Holdings
Withdrawn status Lost status Source of classification or shelving scheme Damaged status Not for loan Home library Current library Shelving location Date acquired Total Checkouts Full call number Barcode Date last seen Copy number Price effective from Koha item type
    Library of Congress Classification     WISCONSIN INTERNATIONAL UNIVERSITY COLLEGE, GHANA - MAIN LIBRARY WISCONSIN INTERNATIONAL UNIVERSITY COLLEGE, GHANA - MAIN LIBRARY nursing 23/07/2019   WB102.P83(19e) NURS/612/274/19 23/07/2019 1 23/07/2019 Books
    Library of Congress Classification     WISCONSIN INTERNATIONAL UNIVERSITY COLLEGE, GHANA - MAIN LIBRARY WISCONSIN INTERNATIONAL UNIVERSITY COLLEGE, GHANA - MAIN LIBRARY   23/07/2019   WB102.P831(19e) NURS/613/275/19 23/07/2019 2 23/07/2019 Books
    Library of Congress Classification     WISCONSIN INTERNATIONAL UNIVERSITY COLLEGE, GHANA KUMASI LIBRARY WISCONSIN INTERNATIONAL UNIVERSITY COLLEGE, GHANA KUMASI LIBRARY nursing 28/11/2019   WB102.P832(19e) KSN/844/844/19 24/01/2020 3 28/11/2019 Books
    Library of Congress Classification     WISCONSIN INTERNATIONAL UNIVERSITY COLLEGE, GHANA KUMASI LIBRARY WISCONSIN INTERNATIONAL UNIVERSITY COLLEGE, GHANA KUMASI LIBRARY nursing 28/11/2019   WB102.P83(19e) KSN/840/840/19 24/01/2020 1 28/11/2019 Books
    Library of Congress Classification     WISCONSIN INTERNATIONAL UNIVERSITY COLLEGE, GHANA KUMASI LIBRARY WISCONSIN INTERNATIONAL UNIVERSITY COLLEGE, GHANA KUMASI LIBRARY nursing 28/11/2019   WB102.P831(19e) KSN/841/841/19 24/01/2020 2 28/11/2019 Books

If you have any concerns or questions; kindly contact the library


© Powered by WIUC ICT DIRECTORATE